000 01201nam a2200385 4500
999 _c3477
_d3477
001 3477
003 MCM
005 20220303134022.0
008 790518s1978 nyu b 000 0 eng
020 _a0743243153 (pbk.)
035 _aMITb10234787
035 _a(OCoLC)05101604
035 _aGLIS00234787
035 _a(OCoLC)10537793
040 _aDLC
_cDLC
_dMYG
041 _aeng
050 0 _aBF637.S4
_bP43 1978
082 _bPEC 2003
_221
_a158.1
099 _aBF637.S4.P43 1978
100 1 _aPeck, M. Scott
_q(Morgan Scott),
_d1936-2005.
245 1 4 _aThe road less traveled :
_ba new psychology of love, traditional values, and spiritual growth /
_cM. Scott Peck.
260 _aNew York :
_bSimon and Schuster,
_cc1978.
300 _a316 p. ;
_c21 cm.
490 1 _aTouchstone book
504 _aIncludes bibliographical references.
650 0 _aSelf-actualization (Psychology)
650 0 _aMaturation (Psychology)
650 0 _aInterpersonal relations.
650 0 _aLove
_xPsychological aspects.
650 0 _aValues.
650 0 _aSpirituality.
830 0 _aTouchstone book.
942 _2ddc
_cBK
_08
949 _aMYGH
_b39080003369433